| 000 | 00654nam a2200205 u 4500 | ||
|---|---|---|---|
| 005 | 20210223131349.0 | ||
| 008 | 100817s2006 ch r 000 0 spa d | ||
| 020 | _a9562941477 | ||
| 035 | _aUPN01000177381 | ||
| 049 | _aI | ||
| 050 | 4 |
_aPZ78 _bG8.2 |
|
| 100 | 1 |
_aGüiraldes, Ana María, _d1946- _931800 |
|
| 245 | 1 | 0 |
_aAventuras floreadas / _cAna María Güiraldes ; il. Ricardo Güiraldes. |
| 260 |
_aSantiago de Chile : _bMare Nostrum, _c2006. |
||
| 300 |
_a59 p. : _bil. col. |
||
| 440 | 3 |
_aLa buena letra. _pLiteratura actual |
|
| 650 | 4 |
_aCUENTOS INFANTILES CHILENOS _911282 |
|
| 650 | 4 |
_aFLORES - _vLITERATURA JUVENIL _911915 |
|
| 905 | _aInfantil | ||
| 999 |
_c149484 _d149484 |
||